| 000 | 00835 a2200241 4500 | ||
|---|---|---|---|
| 003 | OSt | ||
| 005 | 20230616134344.0 | ||
| 008 | 230123s2019 mx a||||r|||| 00| 0 spa d | ||
| 020 | _a9786071734938 | ||
| 040 | _cCHAP | ||
| 082 | 0 | 4 |
_222 _a636.0895103 _bG64 2019 |
| 100 | 1 |
_9146590 _aGonzález Carro, Miguel Ángel |
|
| 245 | 0 | 0 |
_aVademécum de farmacología veterinaria en perros y gatos / _cpor Miguel Ángel González Carro. |
| 250 | _aSegunda edición. | ||
| 264 |
_aCiudad de México : _bTrillas, _c2019. |
||
| 300 | _a433 páginas. | ||
| 504 | _aIncluye bibliografía. | ||
| 650 | 4 |
_939764 _aFarmacología veterinaria |
|
| 650 | 4 |
_aMedicamentos _xFormas de posología _vManuales _9187423 |
|
| 650 | 4 |
_9187424 _aPerros _xEnfermedades _xTratamientos |
|
| 650 | 7 |
_9187425 _aGatos _xEnfermedades _xTratamientos |
|
| 942 |
_cLibro _2ddc |
||
| 999 |
_c218132 _d218132 |
||